[Event "VI Weekend B"]
[Site "Porto Sant'Elpidio ITA"]
[Date "2003.11.23"]
[Round "6"]
[White "Giobbi, Costantino"]
[Black "Rastelli, Davide"]
[Result "1/2-1/2"]
[WhiteElo "1782"]
[BlackElo "1797"]
[PlyCount "84"]
[EventDate "2003.11.15"]

1. Nf3 d5 2. g3 Bf5 3. Bg2 Nf6 4. O-O Nbd7 5. d3 e5 6. Nh4 Bg6 7. Bg5 c6 8. Nd2
Be7 9. Nxg6 hxg6 10. c4 dxc4 11. Nxc4 Rh5 12. Bxf6 gxf6 13. d4 Kf8 14. Bf3 Rh8
15. dxe5 Nxe5 16. Nxe5 fxe5 17. Qb3 Qd7 18. Bg2 Kg7 19. Rfd1 Qc7 20. Rd3 Bd6
21. Rad1 Rad8 22. Qc3 Qe7 23. h4 f6 24. Qb3 f5 25. Qc3 Kf7 26. Qc4+ Qe6 27.
Qxe6+ Kxe6 28. e3 e4 29. R3d2 c5 30. Bf1 a6 31. Bc4+ Ke7 32. a4 Rhf8 33. Rd5
Rf6 34. Kf1 Rb8 35. Be2 b5 36. axb5 axb5 37. Ra1 Ke6 38. Rdd1 Ke5 39. Ra5 Bc7
40. Rxb5 Rxb5 41. Bxb5 Rb6 42. Bc4 Rd6 1/2-1/2

[Event "VI Weekend B"]
[Site "Porto Sant'Elpidio ITA"]
[Date "2003.11.23"]
[Round "6"]
[White "Iori, Massimiliano"]
[Black "Padovani, Alessio"]
[Result "1/2-1/2"]
[WhiteElo "1641"]
[BlackElo "1722"]
[PlyCount "23"]
[EventDate "2003.11.15"]

1. d4 f5 2. Nf3 Nf6 3. c4 e6 4. e3 d5 5. Nbd2 c6 6. Ne5 Bd6 7. f4 O-O 8. Ndf3
Ne4 9. Bd3 Nd7 10. Nxd7 Bxd7 11. O-O Be8 12. Ne5 1/2-1/2

[Event "VI Weekend B"]
[Site "Porto Sant'Elpidio ITA"]
[Date "2003.11.23"]
[Round "6"]
[White "Marinucci, Johnny"]
[Black "Cecannecchia, Gianluca"]
[Result "1-0"]
[WhiteElo "1588"]
[BlackElo "1477"]
[PlyCount "57"]
[EventDate "2003.11.15"]

1. d4 d5 2. Bf4 e6 3. e3 Nf6 4. Nd2 Nbd7 5. Ngf3 Be7 6. Bd3 b6 7. h4 Bb7 8. c3
Rc8 9. Ne5 c5 10. g4 h6 11. Qf3 Nh7 12. Nxf7 Kxf7 13. Bc7+ Ndf6 14. Bxd8 Rcxd8
15. O-O-O Kg8 16. Qg2 Rf8 17. f4 Nd7 18. Nf3 cxd4 19. Nxd4 Nc5 20. Bc2 Bc8 21.
Nc6 Bf6 22. g5 hxg5 23. hxg5 Bd8 24. g6 Ne4 25. gxh7+ Rxh7 26. Rxh7 Kxh7 27.
Bxe4+ dxe4 28. Rxd8 Rxd8 29. Qxe4+ 1-0

[Event "VI Weekend B"]
[Site "Porto Sant'Elpidio ITA"]
[Date "2003.11.23"]
[Round "6"]
[White "Perogio, Lorenzo"]
[Black "Bonoli, Luciano"]
[Result "1-0"]
[WhiteElo "1666"]
[BlackElo "1657"]
[PlyCount "152"]
[EventDate "2003.11.15"]

1. e4 d6 2. d4 Nf6 3. Nc3 g6 4. Be2 Bg7 5. Nf3 O-O 6. O-O c6 7. a4 a5 8. h3 Qc7
9. Re1 Nbd7 10. Bf1 e5 11. dxe5 dxe5 12. Be3 Re8 13. Nd2 Nb6 14. Nc4 Nxc4 15.
Bxc4 Be6 16. Qe2 Bf8 17. Bg5 Bg7 18. Rad1 h6 19. Be3 Bf8 20. Bxe6 Rxe6 21. Qc4
Rc8 22. Rd2 Kg7 23. g3 Bb4 24. Rd3 b5 25. axb5 cxb5 26. Qxb5 Rb8 27. Qa4 Rc6
28. Nd5 Nxd5 29. exd5 Bxe1 30. dxc6 Rc8 31. c3 Rb8 32. Kf1 Bxc3 33. bxc3 Rb1+
34. Kg2 Qc8 35. Rd7 Qa6 36. c4 Rb4 37. Qd1 Qxc6+ 38. Qd5 Qxd5+ 39. cxd5 Rb5 40.
d6 Rd5 41. Rd8 g5 42. d7 a4 43. Bc1 Kf6 44. Bb2 Rd3 45. Bxe5+ Ke6 46. Bc7 Rc3
47. Ba5 Ra3 48. Rf8 Kxd7 49. Rxf7+ Ke6 50. Rh7 Rd3 51. Rxh6+ Kf7 52. Ra6 Rb3
53. Bc7 a3 54. Bd6 Rd3 55. Bxa3 Rb3 56. Bc5 Rb5 57. Be3 Rd5 58. Rc6 Kg7 59. Rc5
Rd1 60. Rxg5+ Kf6 61. Rg4 Rb1 62. h4 Rb5 63. Kh3 Kf7 64. Rg5 Rb3 65. h5 Ra3 66.
h6 Ra8 67. h7 Rh8 68. Rh5 Kg6 69. Rh4 Rxh7 70. Rxh7 Kxh7 71. Kg4 Kg6 72. Bd4
Kh7 73. Kg5 Kg8 74. Kg6 Kf8 75. Kh7 Kf7 76. g4 Ke6 1-0

[Event "VI Weekend B"]
[Site "Porto Sant'Elpidio ITA"]
[Date "2003.11.23"]
[Round "6"]
[White "Piantieri, Guido"]
[Black "Morici, Marco"]
[Result "0-1"]
[WhiteElo "1509"]
[BlackElo "1606"]
[PlyCount "72"]
[EventDate "2003.11.15"]

1. e4 e6 2. d4 d5 3. Nc3 Bb4 4. e5 c5 5. a3 Bxc3+ 6. bxc3 Qc7 7. Qg4 Ne7 8. Qd1
Nbc6 9. Be3 Nf5 10. Nf3 cxd4 11. cxd4 Nxe3 12. fxe3 Qa5+ 13. c3 Qxc3+ 14. Kf2
Bd7 15. Bd3 h6 16. Qe2 Qa5 17. Rhf1 Qd8 18. Kg1 O-O 19. Kh1 a6 20. Ng1 Ne7 21.
Qh5 Nf5 22. Rf3 Qh4 23. Qxh4 Nxh4 24. Rf4 Nf5 25. Rf3 Rac8 26. Nh3 g5 27. g4
Nh4 28. Rf6 Kg7 29. Ng1 Rc3 30. Rd1 Rxa3 31. Ne2 Ba4 32. Ng3 Bxd1 33. Nh5+ Kg8
34. Rxh6 Rxd3 35. Nf6+ Kg7 36. Rh7+ Kg6 0-1

[Event "VI Weekend B"]
[Site "Porto Sant'Elpidio ITA"]
[Date "2003.11.23"]
[Round "6"]
[White "Voicu, Joan Paul"]
[Black "Basso, Fabrizio"]
[Result "1-0"]
[WhiteElo "1677"]
[BlackElo "1579"]
[PlyCount "103"]
[EventDate "2003.11.15"]

1. e4 c5 2. d4 cxd4 3. Nf3 Nc6 4. Nxd4 e6 5. Nc3 Nf6 6. Be2 Be7 7. Be3 a6 8. a4
d6 9. O-O O-O 10. Qd2 Bd7 11. Rad1 Rc8 12. Nb3 Qc7 13. f4 Rfd8 14. Bf3 Na5 15.
Nxa5 Qxa5 16. Qf2 Qb4 17. e5 dxe5 18. fxe5 Bxa4 19. exf6 Bxf6 20. Nxa4 Qxa4 21.
b3 Qb4 22. Bb6 Rxd1 23. Rxd1 Qb5 24. Be4 Be7 25. Qe3 g6 26. c4 Qe5 27. Bxb7
Qxe3+ 28. Bxe3 Rc7 29. Bxa6 f5 30. Bf4 Ra7 31. Bc8 Kf7 32. Rd7 Rxd7 33. Bxd7
Bb4 34. Kf2 Kf6 35. Be3 e5 36. Bb6 Ke7 37. Bb5 Kd6 38. Ke3 g5 39. g3 h5 40. Bd8
Bc5+ 41. Ke2 Bg1 42. h3 Bh2 43. b4 Bxg3 44. c5+ Kd5 45. c6 e4 46. c7 Bxc7 47.
Bxc7 h4 48. Bd7 f4 49. b5 Kd4 50. Bb6+ Kc4 51. Bg1 g4 52. hxg4 1-0

[Event "Torneo Regionale PIE B"]
[Site "Torino ITA"]
[Date "2003.04.??"]
[Round "3"]
[White "Vasile, Catalin"]
[Black "Tomanin, Roberto"]
[Result "0-1"]
[WhiteElo "1533"]
[BlackElo "1485"]
[PlyCount "54"]
[EventDate "2003.04.30"]

1. e4 e5 2. Nf3 Nc6 3. Bc4 h6 4. c3 Bc5 5. O-O d6 6. d4 Bb6 7. Qb3 Qe7 8. Bb5
Bd7 9. Bxc6 Bxc6 10. d5 Bd7 11. c4 Nf6 12. Qd3 a6 13. Nc3 Nh5 14. Ne2 g5 15. b4
g4 16. Ne1 Rg8 17. Bxh6 Rh8 18. Be3 Qh4 19. Ng3 Nf4 20. h3 Nxd3 21. Nxd3 Bxe3
22. Nf5 Bxf5 23. exf5 Bd4 24. Rad1 gxh3 25. Rfe1 hxg2 26. Kxg2 Qg4+ 27. Kf1
Rh1# 0-1

[Event "XLV Festival C"]
[Site "Imperia ITA"]
[Date "2003.08.31"]
[Round "1"]
[White "Chainay, Gerard"]
[Black "Ricca, Giorgio"]
[WhiteElo "1470"]
[BlackElo "1588"]
[Result "0-1"]
[PlyCount "30"]
[EventDate "2003.08.31"]

1. d4 d5 2. c4 dxc4 3. Nf3 Nf6 4. e3 e6 5. Bxc4 c5 6. O-O a6 7. a4 b6 8. Nc3
Bb7 9. Be2 Nbd7 10. Ne5 Qc7 11. f4 Rd8 12. b3 cxd4 13. Qxd4 Bc5 14. Qc4 b5 15.
axb5 Nb6 0-1

[Event "XXXV C.to Italiano a squadre A2.2"]
[Site "ITA"]
[Date "2003.02.16"]
[Round "1"]
[White "Berni, Fabrizio"]
[Black "Vinzoni, Andrea"]
[Result "1/2-1/2"]
[WhiteElo "2106"]
[BlackElo "2100"]
[PlyCount "66"]
[EventDate "2003.02.16"]

1. e4 c6 2. d4 d5 3. Nc3 dxe4 4. Nxe4 Nf6 5. Nxf6+ exf6 6. c3 Bd6 7. Bd3 O-O 8.
Qh5 g6 9. Qh4 Re8+ 10. Ne2 Nd7 11. O-O Nf8 12. Bh6 Bf5 13. Nc1 Bxd3 14. Nxd3 f5
15. Bg5 Be7 16. Bxe7 Qxe7 17. Qxe7 Rxe7 18. Rfe1 Ne6 19. Re2 Rd7 20. Rae1 a5
21. a4 Rc7 22. Re5 b6 23. g3 Kf8 24. Kg2 Rd8 25. h4 Rcd7 26. R5e2 c5 27. Ne5
Rc7 28. Nxf7 Kxf7 29. Rxe6 cxd4 30. cxd4 Rxd4 31. Rxb6 Rxa4 32. h5 Rb4 33. Ra6
Rxb2 1/2-1/2

[Event "XXXV C.to Italiano a squadre A2.2"]
[Site "ITA"]
[Date "2003.02.16"]
[Round "1"]
[White "Bonanno, Alessandro"]
[Black "Gasperoni, Stefano"]
[Result "0-1"]
[WhiteElo "2108"]
[BlackElo "1921"]
[PlyCount "78"]
[EventDate "2003.02.16"]

1. e4 e5 2. Nc3 Nf6 3. f4 d5 4. fxe5 Nxe4 5. Nf3 Be7 6. d4 Bg4 7. Qd3 Nc6 8.
Be2 Nb4 9. Qd1 Bf5 10. a3 Nxc3 11. bxc3 Nxc2+ 12. Kf2 Nxa1 13. Bd3 Bxd3 14.
Qxd3 O-O 15. Qb1 c5 16. Qxa1 cxd4 17. cxd4 Rc8 18. Qa2 Rc4 19. Qb3 Qc7 20. Bd2
Rc8 21. Rb1 b6 22. Qd3 Rc2 23. Kg3 g6 24. Rb5 Qc6 25. Qb3 Qc4 26. Qxc4 dxc4 27.
d5 c3 28. Bh6 Rb2 29. a4 a6 30. Rxb2 cxb2 31. Nd2 Bf8 32. Bg5 h6 33. Bf4 Bb4
34. Nb1 g5 35. Be3 Rc1 36. d6 Kf8 37. Bxb6 Ke8 38. Bd4 Rxb1 39. Kg4 Rg1 0-1

[Event "XXXV C.to Italiano a squadre A2.2"]
[Site "ITA"]
[Date "2003.02.16"]
[Round "1"]
[White "Frontali, Jacopo"]
[Black "Radice, Luca"]
[Result "1-0"]
[WhiteElo "1765"]
[BlackElo "2077"]
[PlyCount "87"]
[EventDate "2003.02.16"]

1. c4 Nf6 2. Nc3 g6 3. g3 Bg7 4. Bg2 O-O 5. e4 d6 6. d3 c5 7. Nge2 Nc6 8. O-O
Bd7 9. h3 Ne8 10. Be3 Nc7 11. Qd2 Ne6 12. Bh6 Rb8 13. Bxg7 Kxg7 14. f4 Ned4 15.
Nxd4 Nxd4 16. Ne2 Nxe2+ 17. Qxe2 Qc8 18. Kh2 e5 19. Rf2 f6 20. Raf1 Qc6 21. h4
h6 22. Bh3 Rbe8 23. f5 Re7 24. fxg6 Bxh3 25. Kxh3 Qd7+ 26. Rf5 Kxg6 27. Qg4+
Kh7 28. Rxf6 Qxg4+ 29. Kxg4 Rg8+ 30. Kh3 Reg7 31. R1f3 Rg6 32. Rxg6 Kxg6 33. g4
Rb8 34. h5+ Kg7 35. Kh4 b5 36. b3 a5 37. cxb5 Rxb5 38. g5 hxg5+ 39. Kxg5 Rb7
40. Rf6 Rd7 41. h6+ Kh7 42. Kf5 d5 43. Ke6 Rd8 44. exd5 1-0

[Event "XXXV C.to Italiano a squadre A2.2"]
[Site "ITA"]
[Date "2003.02.16"]
[Round "1"]
[White "Marelli, Mauro"]
[Black "Rettore, Ludwig"]
[Result "1-0"]
[WhiteElo "2256"]
[BlackElo "2167"]
[PlyCount "63"]
[EventDate "2003.02.16"]

1. e4 e5 2. Nf3 Nc6 3. Bc4 Nf6 4. d3 Be7 5. a3 O-O 6. Nc3 d6 7. h3 Nd4 8. Nxd4
exd4 9. Ne2 c5 10. Nf4 b5 11. Ba2 Bb7 12. O-O Rc8 13. Nh5 d5 14. e5 Nxh5 15.
Qxh5 Qb6 16. f4 c4 17. f5 f6 18. e6 Bd6 19. Bf4 cxd3 20. cxd3 Rc2 21. Rae1 Be7
22. Qg4 Kh8 23. Rf3 Rxb2 24. Rg3 Rg8 25. Bh6 g6 26. fxg6 Rxg6 27. Qh4 Rxa2 28.
Rxg6 hxg6 29. Bf8+ Kg8 30. Bxe7 Qc7 31. Qxf6 Qg3 32. Qf7+ 1-0

[Event "XXXV C.to Italiano a squadre A2.2"]
[Site "ITA"]
[Date "2003.03.02"]
[Round "2"]
[White "Berni, Fabrizio"]
[Black "Ricci, Marco"]
[Result "1/2-1/2"]
[WhiteElo "2106"]
[BlackElo "2165"]
[PlyCount "90"]
[EventDate "2003.02.16"]

1. e4 e6 2. d4 d5 3. Nc3 Nf6 4. Bg5 Be7 5. e5 Nfd7 6. Bxe7 Qxe7 7. f4 O-O 8.
Nf3 c5 9. Qd2 Nc6 10. dxc5 Qxc5 11. Bd3 Nb6 12. Bxh7+ Kxh7 13. Ng5+ Kg8 14. Qd3
Rd8 15. O-O-O Nc4 16. Qh7+ Kf8 17. Rd3 Qb4 18. Qh8+ Ke7 19. Qxg7 Qxb2+ 20. Kd1
Rf8 21. Nh7 Bd7 22. Qg5+ Ke8 23. Nf6+ Kd8 24. Nfxd5+ Kc8 25. Ne7+ Nxe7 26. Qxe7
Rd8 27. Re1 Qa3 28. Qxa3 Nxa3 29. Ne4 Nc4 30. Kc1 Bc6 31. Ng5 Bxg2 32. Rc3 b5
33. Nxf7 Rf8 34. Nd6+ Kd7 35. Nxb5 Rxf4 36. Rd1+ Bd5 37. Rh3 Rf7 38. Nc3 Nxe5
39. Nxd5 exd5 40. Rxd5+ Ke6 41. Ra5 Rf1+ 42. Kd2 Rf2+ 43. Ke1 Raf8 44. Rh6+
R2f6 45. Ra6+ Ke7 1/2-1/2

[Event "XXXV C.to Italiano a squadre A2.2"]
[Site "ITA"]
[Date "2003.03.02"]
[Round "2"]
[White "Berni, Giorgio"]
[Black "Serpi, Andrea"]
[Result "1-0"]
[WhiteElo "2219"]
[BlackElo "2175"]
[PlyCount "77"]
[EventDate "2003.02.16"]

1. e4 d5 2. exd5 Qxd5 3. Nc3 Qa5 4. d4 Nf6 5. Nf3 Nc6 6. Be2 Bg4 7. O-O O-O-O
8. Ng5 Rxd4 9. Bxg4+ Nxg4 10. Qf3 Nce5 11. Qe2 e6 12. f4 Bc5 13. Kh1 h6 14. Nh3
Bd6 15. fxe5 Qxe5 16. Qxe5 Bxe5 17. g3 h5 18. Ng5 h4 19. Nxf7 Rf8 20. Kg2 h3+
21. Kxh3 Bf6 22. Rf4 Rxf4 23. gxf4 Nf2+ 24. Kg2 Rxf7 25. Kxf2 g5 26. Kg3 Bd4
27. Bd2 gxf4+ 28. Bxf4 e5 29. Bg5 Rf2 30. Rc1 Kd7 31. h4 c6 32. Ne4 Re2 33. Kf3
Rh2 34. c3 Bb6 35. Rd1+ Kc7 36. Rd2 Rh1 37. Bd8+ Kc8 38. Bxb6 axb6 39. Kg4 1-0

[Event "XXXV C.to Italiano a squadre A2.2"]
[Site "ITA"]
[Date "2003.03.02"]
[Round "2"]
[White "Chiaretti, Roberto"]
[Black "Rettore, Ludwig"]
[Result "0-1"]
[WhiteElo "2194"]
[BlackElo "2167"]
[PlyCount "82"]
[EventDate "2003.02.16"]

1. d4 Nf6 2. Nf3 e6 3. e3 d5 4. Nbd2 c5 5. b3 cxd4 6. exd4 Bb4 7. Bb2 Ne4 8.
Bd3 Qa5 9. Bxe4 dxe4 10. Ne5 Nc6 11. Nxc6 bxc6 12. a3 Be7 13. O-O Ba6 14. Re1
f5 15. f3 Bg5 16. b4 Qd8 17. Nb3 Bh4 18. g3 Qg5 19. Bc1 Qg6 20. Bf4 Bc4 21. Na5
Ba6 22. Nxc6 Bf6 23. Rb1 O-O 24. b5 Bb7 25. fxe4 fxe4 26. d5 Bxc6 27. bxc6 e5
28. Be3 Bh4 29. Kh1 Bxg3 30. hxg3 Qxg3 31. Qh5 g6 32. Rg1 Qxe3 33. Rxg6+ hxg6
34. Qxg6+ Kh8 35. Qh5+ Kg7 36. Rg1+ Qxg1+ 37. Kxg1 Rf6 38. c7 Raf8 39. Qg4+ Rg6
40. Qxg6+ Kxg6 41. d6 e3 0-1

[Event "XXXV C.to Italiano a squadre A2.2"]
[Site "ITA"]
[Date "2003.03.02"]
[Round "2"]
[White "Natalucci, Fabrizio"]
[Black "Andreazza, Attilio"]
[Result "0-1"]
[WhiteElo "2203"]
[BlackElo "2092"]
[PlyCount "86"]
[EventDate "2003.02.16"]

1. d4 d5 2. Nf3 Nf6 3. c4 c6 4. Nc3 g6 5. g3 Bg7 6. Bg2 O-O 7. O-O e6 8. Qc2
Nbd7 9. Rd1 b6 10. Bf4 Re8 11. Ne5 Bb7 12. e4 Qe7 13. Nxc6 Bxc6 14. exd5 exd5
15. cxd5 Nxd5 16. Nxd5 Bxd5 17. Bxd5 Rac8 18. Qb3 Nf6 19. Bf3 h6 20. Rac1 g5
21. Be5 Nd7 22. Rxc8 Rxc8 23. Bg4 Re8 24. Bxg7 Kxg7 25. d5 Qd6 26. Qc3+ Nf6 27.
Bf3 Re5 28. Qc6 Ne8 29. h3 Re7 30. Rd3 Kf8 31. Rc3 Kg7 32. Kg2 Qd8 33. Qc8 Qd6
34. Rc6 Qe5 35. Qd8 Nf6 36. Rc8 Re8 37. Qc7 Nxd5 38. Qxe5+ Rxe5 39. Ra8 a5 40.
Ra7 Nb4 41. a3 Nd3 42. Bh5 Rf5 43. Bf3 Ne1+ 0-1

[Event "XXXV C.to Italiano a squadre A2.2"]
[Site "ITA"]
[Date "2003.03.31"]
[Round "2"]
[White "Pozzi, Enrico"]
[Black "Rettore, Ludwig"]
[Result "1-0"]
[WhiteElo "2205"]
[BlackElo "2167"]
[PlyCount "67"]
[EventDate "2003.02.16"]

1. e4 e5 2. Nf3 Nc6 3. Bc4 Nf6 4. d3 Be7 5. O-O O-O 6. Re1 d6 7. c3 Na5 8. Bb5
a6 9. Ba4 b5 10. Bc2 c5 11. Nbd2 Re8 12. Nf1 h6 13. Ng3 Bf8 14. h3 Nc6 15. d4
cxd4 16. cxd4 exd4 17. Nxd4 Nxd4 18. Qxd4 Be6 19. Be3 Rc8 20. Qd2 d5 21. e5 Nd7
22. f4 Qh4 23. Kh2 Bb4 24. Qd3 Bxe1 25. Rxe1 g6 26. Bb1 Rc7 27. Bd2 Nc5 28. Qf3
Bc8 29. f5 g5 30. Nh5 Rd7 31. e6 fxe6 32. fxe6 Rf8 33. exd7 g4 34. Qxd5+ 1-0

[Event "XXXV C.to Italiano a squadre A2.2"]
[Site "ITA"]
[Date "2003.03.16"]
[Round "3"]
[White "Gasperoni, Stefano"]
[Black "Chilese, Carlo"]
[Result "0-1"]
[WhiteElo "1921"]
[BlackElo "1962"]
[PlyCount "146"]
[EventDate "2003.02.16"]

1. e4 c5 2. Nf3 Nc6 3. d4 cxd4 4. Nxd4 Nf6 5. Nc3 d6 6. Be2 e5 7. Nb3 Be6 8.
O-O Be7 9. f4 exf4 10. Bxf4 O-O 11. Kh1 d5 12. exd5 Nxd5 13. Nxd5 Qxd5 14. Bf3
Qxd1 15. Raxd1 Rac8 16. c3 Rfd8 17. Be3 b6 18. Rxd8+ Bxd8 19. Nd4 Nxd4 20. Bxd4
Be7 21. a3 Rd8 22. g3 Bg5 23. Kg2 Bb3 24. Re1 Kf8 25. Kf2 Bd2 26. Re2 Bc1 27.
Re1 Bd2 28. Re5 Bc1 29. Bc6 Bxb2 30. Rb5 Ba4 31. Rxb2 Bxc6 32. Re2 f6 33. Re3
Kf7 34. Re2 Rd5 35. Re3 Rf5+ 36. Kg1 Bb5 37. Kg2 h5 38. Re1 g5 39. Rd1 Bc6+ 40.
Kg1 h4 41. Rf1 Rxf1+ 42. Kxf1 h3 43. Kf2 Ke6 44. Ke2 Bb5+ 45. Kf3 Bf1 46. Kg4
Bg2 47. Be3 Kf7 48. Kf5 Bc6 49. Kg4 Bd7+ 50. Kh5 Ke6 51. Bd4 Kf5 52. g4+ Ke6
53. Kg6 Be8+ 54. Kh6 Kf7 55. c4 Bd7 56. c5 bxc5 57. Bxc5 a6 58. Be3 Bxg4 59.
Bb6 Be2 60. Bc7 Ke6 61. Kg6 Bd3+ 62. Kh6 Kf5 63. Bd8 Bb5 64. Be7 Be8 65. Bd8 g4
66. Bc7 Ke4 67. Bd6 Kf3 68. Bc7 g3 69. Bxg3 Kg4 70. Kg7 f5 71. Kf6 f4 72. Be1
Kf3 73. Kg5 Ke2 0-1

[Event "XXXV C.to Italiano a squadre A2.2"]
[Site "ITA"]
[Date "2003.03.16"]
[Round "3"]
[White "Lapiccirella, Mattia"]
[Black "Berni, Fabrizio"]
[Result "0-1"]
[WhiteElo "2193"]
[BlackElo "2106"]
[PlyCount "84"]
[EventDate "2003.02.16"]

1. d4 d5 2. c4 e6 3. Nf3 Nf6 4. Nc3 Nbd7 5. Bf4 c6 6. cxd5 exd5 7. e3 Be7 8.
Bd3 Nf8 9. h3 Ne6 10. Be5 Bd6 11. Qc2 Bxe5 12. Nxe5 Nd7 13. Nf3 Nb6 14. O-O-O
Qf6 15. Rhe1 g6 16. a4 O-O 17. a5 Nd7 18. Bf1 Rd8 19. e4 dxe4 20. d5 Nec5 21.
dxc6 exf3 22. cxd7 Bxd7 23. g4 Be6 24. Rxd8+ Rxd8 25. Kb1 Qf4 26. Ne4 Nxe4 27.
Rxe4 Qd2 28. Bc4 Bxc4 29. Rxc4 Qxa5 30. Rc8 Qe1+ 31. Qc1 Qe4+ 32. Ka1 Qa4+ 33.
Kb1 Qd4 34. Rxd8+ Qxd8 35. Qf4 Qd1+ 36. Ka2 Qd5+ 37. Kb1 Kg7 38. Kc1 b5 39. Kb1
h6 40. h4 h5 41. Qe3 hxg4 42. Qxa7 Qd1+ 0-1

[Event "XXXV C.to Italiano a squadre A2.2"]
[Site "ITA"]
[Date "2003.03.16"]
[Round "3"]
[White "Ratti, Ruggero"]
[Black "Berni, Giorgio"]
[Result "1-0"]
[WhiteElo "2320"]
[BlackElo "2219"]
[PlyCount "47"]
[EventDate "2003.02.16"]

1. Nf3 Nf6 2. c4 e6 3. Nc3 d5 4. d4 c6 5. Bg5 Nbd7 6. e3 Qa5 7. cxd5 Nxd5 8.
Qd2 N7b6 9. a3 Bb4 10. Rc1 Bxc3 11. bxc3 Qxa3 12. e4 Nf6 13. Bd3 Nbd7 14. O-O
e5 15. dxe5 Ng4 16. Qf4 Qc5 17. Qxg4 Nxe5 18. Qg3 Nxd3 19. Rcd1 f6 20. Be3 Qxc3
21. Qd6 Nxf2 22. Bxf2 Bg4 23. Bc5 Kf7 24. Ne5+ 1-0

[Event "XXXV C.to Italiano a squadre A2.2"]
[Site "ITA"]
[Date "2003.03.16"]
[Round "3"]
[White "Rettore, Ludwig"]
[Black "Trabattoni, Franco"]
[Result "1/2-1/2"]
[WhiteElo "2167"]
[BlackElo "2353"]
[PlyCount "129"]
[EventDate "2003.02.16"]

1. d4 Nf6 2. c4 e6 3. Nc3 Bb4 4. e3 c5 5. Bd3 Nc6 6. Nf3 O-O 7. O-O d5 8. a3
cxd4 9. exd4 Be7 10. c5 a5 11. Bg5 h6 12. Bf4 b6 13. Bb5 Bd7 14. Bxc6 Bxc6 15.
Ne5 Be8 16. b4 axb4 17. axb4 Rxa1 18. Qxa1 Nh5 19. Be3 f6 20. Nf3 Qb8 21. Qa6
Bf7 22. Qxb6 Qxb6 23. cxb6 Bxb4 24. Nb5 g5 25. Rb1 Rb8 26. Rxb4 Rxb6 27. Rb1
Bg6 28. Rb2 Be8 29. g4 Ng7 30. Nd2 Rxb5 31. Rxb5 Bxb5 32. Nb3 Be2 33. h3 h5 34.
gxh5 Nxh5 35. Nc5 Kf7 36. Kg2 Bd1 37. h4 gxh4 38. Kh3 Ng7 39. Kxh4 Nf5+ 40. Kh3
e5 41. dxe5 fxe5 42. Bd2 Bf3 43. Nd7 Ke6 44. Nf8+ Kd6 45. Bb4+ Kc6 46. Ng6 e4
47. Nh4 Nxh4 48. Kxh4 Kb5 49. Be1 Kc4 50. Kg5 Kd3 51. Ba5 d4 52. Bb6 Kc3 53.
Kf4 Kc4 54. Ba7 Bg2 55. Bb6 Bh1 56. Bc7 Kb4 57. Bd6+ Kb3 58. Bc7 Kc2 59. Ba5
Kc1 60. Bb4 Kc2 61. Ba5 Kd3 62. Bb6 Kc4 63. Bc7 Kb5 64. Be5 Kc5 65. Bc7 1/2-1/2

[Event "XXXV C.to Italiano a squadre A2.2"]
[Site "ITA"]
[Date "2003.03.30"]
[Round "4"]
[White "Caselli, Luigi"]
[Black "Sbarra, Marco"]
[Result "1-0"]
[WhiteElo "2282"]
[BlackElo "2220"]
[PlyCount "45"]
[EventDate "2003.02.16"]

1. e4 c5 2. Nf3 e6 3. d4 cxd4 4. Nxd4 Nc6 5. Nc3 Qc7 6. Ndb5 Qb8 7. Be3 Nf6 8.
f4 d6 9. Qd2 a6 10. Nd4 Nxd4 11. Qxd4 b5 12. Be2 Be7 13. e5 dxe5 14. fxe5 Nd7
15. Bf3 Bc5 16. Qf4 Bxe3 17. Qxe3 Bb7 18. O-O-O Bxf3 19. gxf3 Nxe5 20. Qc5 Nc4
21. Ne4 Qb6 22. Nd6+ Kf8 23. Nc8+ 1-0

[Event "XXXV C.to Italiano a squadre A2.2"]
[Site "ITA"]
[Date "2003.03.30"]
[Round "4"]
[White "Sgnaolin, Davide"]
[Black "Andreazza, Attilio"]
[Result "1/2-1/2"]
[WhiteElo "2113"]
[BlackElo "2092"]
[PlyCount "67"]
[EventDate "2003.02.16"]

1. e4 c6 2. Nf3 d5 3. Nc3 Bg4 4. h3 Bxf3 5. Qxf3 e6 6. d3 Nf6 7. Bd2 Be7 8. g3
Nbd7 9. Bg2 O-O 10. O-O dxe4 11. Nxe4 Nxe4 12. Qxe4 Bg5 13. f4 Bf6 14. Kh2 Rc8
15. Rae1 Nb6 16. f5 exf5 17. Qxf5 Qd7 18. Qc5 Rce8 19. Be4 Nd5 20. c4 b6 21.
Qg1 Nc7 22. Rxf6 gxf6 23. Bh6 f5 24. Qf2 Qe6 25. Qf4 fxe4 26. Bxf8 Kxf8 27.
Rxe4 Qg6 28. Qxc7 Rxe4 29. dxe4 Qxe4 30. Qd8+ Kg7 31. Qg5+ Kf8 32. Qd8+ Kg7 33.
Qg5+ Kf8 34. Qd8+ 1/2-1/2

[Event "XXXV C.to Italiano a squadre A2.2"]
[Site "ITA"]
[Date "2003.04.13"]
[Round "5"]
[White "Cazzaniga, Walter"]
[Black "Berni, Fabrizio"]
[Result "1-0"]
[WhiteElo "2094"]
[BlackElo "2106"]
[PlyCount "85"]
[EventDate "2003.02.16"]

1. d4 d5 2. c4 e6 3. Nc3 Nf6 4. Bg5 Nbd7 5. e3 c6 6. Nf3 Qa5 7. Nd2 Bb4 8. Qc2
O-O 9. Be2 e5 10. O-O exd4 11. Nb3 Qb6 12. Nxd4 dxc4 13. Bxc4 Qc5 14. Bxf6 Nxf6
15. Be2 Qe5 16. Rfd1 Re8 17. Nf3 Qf5 18. Bd3 Qh5 19. Ne2 Bg4 20. Ng3 Qc5 21.
Qe2 Ba5 22. h3 Be6 23. Rac1 Qe7 24. Nd4 g6 25. Ne4 Nxe4 26. Bxe4 Bxh3 27. Bxc6
bxc6 28. gxh3 c5 29. Nf3 Bb6 30. Rd5 Qe6 31. Rcd1 Qxh3 32. Ng5 Qh4 33. Kg2 Rad8
34. Rh1 Qxh1+ 35. Kxh1 Rxd5 36. Qb5 Re7 37. Nf3 Re4 38. b3 Rg4 39. Qe8+ Kg7 40.
Ne5 Rd1+ 41. Kh2 Rg5 42. Qxf7+ Kh6 43. Qf8+ 1-0

[Event "XXXV C.to Italiano a squadre A2.2"]
[Site "ITA"]
[Date "2003.04.13"]
[Round "5"]
[White "Gasperoni, Stefano"]
[Black "Zoldan, Matteo"]
[Result "0-1"]
[WhiteElo "1921"]
[BlackElo "2124"]
[PlyCount "104"]
[EventDate "2003.02.16"]

1. e4 c5 2. Nf3 d6 3. d4 cxd4 4. Nxd4 Nf6 5. Nc3 e6 6. Be2 a6 7. O-O Qc7 8. f4
Be7 9. Be3 O-O 10. Nb3 b5 11. Bf3 Bb7 12. e5 dxe5 13. fxe5 Qxe5 14. Bd4 Qc7 15.
Na5 Bxf3 16. Qxf3 Nbd7 17. Nb3 Rac8 18. a3 Bd6 19. Qh3 Be5 20. Bxe5 Qxe5 21.
Rae1 Qh5 22. Qg3 Qg6 23. Qf2 Rc7 24. Re2 Rfc8 25. Nd4 Ng4 26. Qe1 Qh5 27. Qg3
Rc4 28. Rf4 Ngf6 29. Kh1 Rxd4 30. Rxd4 Rxc3 31. Qxc3 Qxe2 32. h3 Nd5 33. Qd2
Qxd2 34. Rxd2 Kf8 35. Kh2 Ke7 36. b3 a5 37. Kg3 b4 38. axb4 axb4 39. Kf3 f5 40.
g3 h5 41. h4 Kf6 42. Rd4 Ne5+ 43. Ke2 g5 44. hxg5+ Kxg5 45. Kf2 Ng4+ 46. Kf3
Nge3 47. Rd2 e5 48. Re2 e4+ 49. Kf2 h4 50. gxh4+ Kxh4 51. Rxe3 Nxe3 52. Kxe3
Kg3 0-1

[Event "XXXV C.to Italiano a squadre A2.2"]
[Site "ITA"]
[Date "2003.04.13"]
[Round "5"]
[White "Rettore, Ludwig"]
[Black "Contini, Luca"]
[Result "1/2-1/2"]
[WhiteElo "2167"]
[BlackElo "2337"]
[PlyCount "63"]
[EventDate "2003.02.16"]

1. e4 c5 2. Nf3 d6 3. Nc3 e6 4. d4 cxd4 5. Nxd4 Nf6 6. Be2 a6 7. O-O Be7 8. f4
Qc7 9. a4 O-O 10. Be3 Nc6 11. Kh1 Re8 12. Bf3 Rb8 13. g4 Bf8 14. g5 Nd7 15. Bg2
b6 16. Nxc6 Qxc6 17. e5 Qc7 18. Ne4 dxe5 19. fxe5 Bb7 20. Qf3 Nc5 21. Bxc5 Bxe4
22. Qxe4 bxc5 23. Rf2 Rxb2 24. Raf1 Re7 25. g6 hxg6 26. Rf3 Qb7 27. Qh4 Rxc2
28. Rg3 Qb4 29. Be4 Re2 30. Rg4 Qd2 31. Rgf4 Rxe4 32. Rxe4 1/2-1/2

[Event "XXXV C.to Italiano a squadre A2.2"]
[Site "ITA"]
[Date "2003.04.13"]
[Round "5"]
[White "Sbarra, Marco"]
[Black "Berni, Giorgio"]
[Result "0-1"]
[WhiteElo "2220"]
[BlackElo "2219"]
[PlyCount "62"]
[EventDate "2003.02.16"]

1. e4 c5 2. Nf3 e6 3. b3 Nf6 4. e5 Nd5 5. Bb2 Nc6 6. Bb5 Be7 7. O-O O-O 8. Bxc6
bxc6 9. Nc3 Nxc3 10. Bxc3 f6 11. d4 cxd4 12. Bxd4 c5 13. Bb2 Bb7 14. c4 fxe5
15. Nxe5 d6 16. Nd3 e5 17. f3 Qe8 18. Nf2 Qh5 19. Ne4 Qg6 20. Qe2 Rf4 21. Nc3
Raf8 22. Rad1 Bxf3 23. Nd5 Bxd5 24. Rxf4 Rxf4 25. Rxd5 Qb1+ 26. Rd1 Qxa2 27. g3
Rf7 28. Qc2 Rf3 29. Qe4 Qxb3 30. Qd5+ Kh8 31. Rf1 Qe3+ 0-1